Understanding Disciplines and Subjects/ (Record no. 206667)

MARC details
000 -LEADER
fixed length control field 00553nam a2200193 4500
005 - DATE AND TIME OF LATEST TRANSACTION
control field 20241024104706.0
010 ## - LCCN (DPL NO)
LC control number ENG-142390
020 ## - INTERNATIONAL STANDARD BOOK NUMBER
Terms of availability 290.00
International Standard Book Number 9789391373863
035 ## - SYSTEM CONTROL NUMBER
System control number EN-125922
037 ## - SOURCE OF ACQUISITION
Source of stock number/acquisition DBAD
082 ## - DEWEY DECIMAL CLASSIFICATION NUMBER
Classification number 375
100 ## - MAIN ENTRY--PERSONAL NAME
Personal name Sengamalan, R.
245 ## - TITLE STATEMENT
Title Understanding Disciplines and Subjects/
Remainder of title R. Sengamalan
250 ## - EDITION STATEMENT
Edition statement First
260 ## - PUBLICATION, DISTRIBUTION, ETC. (IMPRINT)
Name of publisher, distributor, etc Shanlax Publications
Place of publication, distribution, etc Maurai
Date of publication, distribution, etc 2021
270 ## - ADDRESS
Address Vasantha Nagar, Madurai
City Tamil Nadu
Postal code 625003
300 ## - PHYSICAL DESCRIPTION
Extent 245p.
Dimensions 22cm(pb)
942 ## - ADDED ENTRY ELEMENTS (KOHA)
Source of classification or shelving scheme Dewey Decimal Classification
Item type English Books
Classification part 375
Call number suffix SEN
Edition 2021
Holdings
Withdrawn status Lost status Not for loan Collection code Home library Current library Date acquired Source of acquisition Cost, normal purchase price Full call number Barcode Copy number Cost, replacement price Koha item type
      Non-fiction Central Library Central Library 24/10/2024 DBAD 290.00 375 SEN EN-125922 1 290.00 English Books

© Delhi Public Library
Hit Counter
free hit counter